Statistics for NFL all time stat leaders

Click here to take the quiz!

General Stats

  • This quiz has been taken 105 times
  • The average score is 25 of 50

Answer Stats

HintAnswer% Correct
538Tom Brady
99%
74,079Tom Brady
99%
76,884Drew Brees
94%
541Drew Brees
94%
71,940Peyton Manning
93%
539Peyton Manning
93%
22,895Jerry Rice
90%
197Jerry Rice
90%
200Bruce Smith
87%
164Emmitt Smith
87%
18,355Emmitt Smith
87%
508Brett Favre
79%
71,838Brett Favre
79%
156Randy Moss
79%
15,292Randy Moss
79%
110Walter Payton / Adrian Peterson
79%
15,269Barry Sanders
78%
16,726Walter Payton
77%
420Dan Marino
70%
61,361Dan Marino
70%
106Jim Brown
67%
145LaDainian Tomlinson
62%
15,934Terrell Owens
60%
153Terrell Owens
60%
14,102Adrian Peterson
57%
198Reggie White
55%
15,321Frank Gore
54%
16,990Larry Fitzgerald
44%
130Cris Carter
40%
128Marvin Harrison
39%
160Kevin Greene
38%
68Dick "Night Train" Lane
37%
65Ken Riley / Charles Woodson
34%
71Rod Woodson
34%
15,208Isaac Bruce
32%
123Marcus Allen
28%
159Julius Peppers
22%
599Adam Vinatieri
18%
20Devin Hester
13%
79Emlen Tunnell
9%
81Paul Krause
9%
150Chris Doleman
7%
565Morten Anderson
4%
538Gary Anderson
2%
495Jason Hanson
2%
14Brian Mitchell
0%
13Dante Hall
0%
13Eric Metcalf
0%
478John Carney
0%
11Josh Cribbs
0%

Score Distribution

Percentile by Number Answered

Percent of People with Each Score

Your Score History

You have not taken this quiz